000 00873nam a22002777a 4500
001 101247
003 UA-OsUOA
005 20230914155110.0
007 ta
008 20130611b un ||||| |||| 00| 0 ukr d
040 _aUA-OsUOA
_brus
_cUA-OsUOA
_dUA-OsUOA
041 _arus
044 _aRU
080 _a94(437.1)
090 _a94(437.1)
_bИ90
245 _aИстория Чехословакии: в трех томах
_cпод ред. Г. Санчука, П. Третьякова
260 _aМ.
_bИзд-во Академии Наук СССР
_c1956
300 _a415 с.
505 _gТ. 1
650 7 _a9 Географія. Біографії. Історія
_2UDC
700 1 _aСанчук Г.
_eред.
700 1 _aТретьяков П.
_eред.
942 _cBK
_2udc
955 _a2
999 _c387416
_d387416